000 00772nas a2200253 4500
001 BR0901097
003 BR-BrBNA
005 20231205113125.0
007 ta
008 230509b bl.|||p| |||| 00| 00por d
040 _aBR-BrBNA
_bpor
_cBiblioteca Nacional de Agricultura
041 _a(Pt)
072 _aF50
100 1 _aMaroso, R.P.
100 1 _aBasso, S.M.S.
245 1 _aDesenvolvimento morfológico de Lotus ssp. de diferentes hábitos de crescimento
650 _aANÁLISE
650 _aCRESCIMENTO
650 _aCORNICHÃO
650 _aMORFOLOGIA VEGETAL
773 0 _tRevista Brasileira de Zootecnia (Brazil)
_xISSN 1516-3598
_g(Nov-Dec 2007), v. 36(6) p. 1961-1968
_wBR0901097
909 _a202311
_bLúcia
_c55
_dLúcia Elande
942 _2AGRIS
_n0
_cANA
999 _c201974
_d201974